[Event "Sainte Adele Superfest"]
[Site "Sainte Adele"]
[Date "2012.08.18"]
[Round "4"]
[White "Wang, Jesse"]
[Black "Chiku Ratte, Olivier Kenta"]
[Result "1/2-1/2"]
[WhiteElo "2096"]
[BlackElo "2174"]
[PlyCount "83"]
[EventDate "2012.08.15"]
[EventType "swiss"]
[EventRounds "5"]
[EventCountry "CAN"]
[SourceTitle "EXT 2022"]
[Source "ChessBase"]
[SourceDate "2021.10.06"]
[SourceVersion "1"]
[SourceVersionDate "2021.10.06"]
[SourceQuality "1"]

1. e4 c5 2. Nf3 d6 3. d4 cxd4 4. Nxd4 Nf6 5. Nc3 g6 6. g3 Nc6 7. Nde2 Bg7 8. Bg2 0-0 9. 0-0 Rb8 10. b3 b5 11. Bb2 Nd7 12. a3 a5 13. Qc1 Ba6 14. Rd1 Nc5 15. b4 axb4 16. axb4 Na4 17. Nxa4 bxa4 18. Bxg7 Kxg7 19. Nf4 Rxb4 20. c3 Rb8 21. Rxa4 Bb5 22. Ra1 Ne5 23. Ra7 Bc4 24. Qe3 Ra8 25. Nd5 Rxa7 26. Qxa7 Bxd5 27. exd5 Nd7 28. Qd4+ Kg8 29. Re1 Re8 30. h4 Qb6 31. Qa4 Nf6 32. g4 Qd8 33. Bf3 Nd7 34. Kg2 Nc5 35. Qd4 e5 36. dxe6 Nxe6 37. Qa4 Qb8 38. Re4 Rc8 39. Qa2 d5 40. Rb4 Nf4+ 41. Kg3 Ne2+ 42. Kg2 1/2-1/2

[Event "Sainte Adele Superfest"]
[Site "Sainte Adele"]
[Date "2012.08.17"]
[Round "3"]
[White "Wang, Jesse"]
[Black "Caire, Francois"]
[Result "1/2-1/2"]
[WhiteElo "2096"]
[BlackElo "2270"]
[PlyCount "77"]
[EventDate "2012.08.15"]
[EventType "swiss"]
[EventRounds "5"]
[EventCountry "CAN"]
[SourceTitle "EXT 2022"]
[Source "ChessBase"]
[SourceDate "2021.10.06"]
[SourceVersion "1"]
[SourceVersionDate "2021.10.06"]
[SourceQuality "1"]

1. e4 c5 2. Nf3 Nc6 3. Nc3 Nf6 4. d4 cxd4 5. Nxd4 e5 6. Ndb5 d6 7. Bg5 a6 8. Na3 b5 9. Nd5 Be7 10. Bxf6 Bxf6 11. c4 b4 12. Nc2 0-0 13. g3 Bg5 14. h4 Bh6 15. Bh3 Be6 16. Qd3 Rb8 17. b3 Qd7 18. Bf5 Bxf5 19. exf5 e4 20. Qe2 f6 21. g4 a5 22. Kf1 Rbe8 23. Rd1 Re5 24. Rg1 g6 25. Rg2 gxf5 26. gxf5+ Kh8 27. Qh5 Bg7 28. Nce3 Ne7 29. Nf4 a4 30. Ke2 axb3 31. axb3 Qe8 32. Qxe8 Rxe8 33. Rxd6 Nxf5 34. Nxf5 Rxf5 35. Ne6 Bh6 36. Nc7 Rf8 37. Nd5 Rf3 38. Rg3 Bf4 39. Nxf4 1/2-1/2

[Event "Canadian op 48th"]
[Site "Toronto"]
[Date "2011.07.17"]
[Round "9"]
[White "Derraugh, Geordie"]
[Black "Wang, Jesse"]
[Result "1/2-1/2"]
[WhiteElo "2140"]
[BlackElo "1998"]
[PlyCount "76"]
[EventDate "2011.07.09"]
[EventType "swiss"]
[EventRounds "9"]
[EventCountry "CAN"]
[SourceTitle "EXT 2022"]
[Source "ChessBase"]
[SourceDate "2021.10.06"]
[SourceVersion "1"]
[SourceVersionDate "2021.10.06"]
[SourceQuality "1"]

1. e4 c5 2. c3 Nf6 3. e5 Nd5 4. d4 cxd4 5. Nf3 e6 6. cxd4 d6 7. Nc3 Bd7 8. Be2 Bc6 9. 0-0 Nd7 10. Bg5 Qb6 11. Qd2 dxe5 12. Nxe5 Nxe5 13. dxe5 h6 14. Nxd5 Bxd5 15. Be3 Bc5 16. Bxc5 Qxc5 17. Rfc1 Qb6 18. a4 0-0 19. Rc3 Qb4 20. Bd3 Qg4 21. f4 Rad8 22. Qf2 f6 23. h3 Qh5 24. Qg3 Qf7 25. Rac1 fxe5 26. fxe5 Qf4 27. Qg6 Qe3+ 28. Kh2 Qxe5+ 29. Kh1 Bc6 30. Rc5 Qxb2 31. Qh7+ Kf7 32. Qg6+ Ke7 33. Be4 Qf6 34. Qxf6+ Rxf6 35. Bxc6 bxc6 36. Rxc6 Rd7 37. Ra6 Kf7 38. Rc5 Rf5 1/2-1/2

[Event "Canadian op 48th"]
[Site "Toronto"]
[Date "2011.07.16"]
[Round "8"]
[White "Wang, Jesse"]
[Black "Kaufman, Raymond"]
[Result "0-1"]
[WhiteElo "2007"]
[BlackElo "2293"]
[PlyCount "44"]
[EventDate "2011.07.09"]
[EventType "swiss"]
[EventRounds "9"]
[EventCountry "CAN"]
[SourceTitle "CBM 143 Extra"]
[Source "ChessBase"]
[SourceDate "2011.08.29"]
[SourceVersion "1"]
[SourceVersionDate "2011.08.29"]
[SourceQuality "1"]

1. e4 c5 2. Nc3 Nc6 3. Bb5 Nd4 4. Bc4 e6 5. Nge2 Qc7 6. 0-0 Nf6 7. d3 a6 8. Nxd4 cxd4 9. Ne2 b5 10. Bb3 Bc5 11. Kh1 Bb7 12. f4 h5 13. f5 0-0-0 14. Bf4 Qc6 15. c3 Nxe4 16. dxe4 Qxe4 17. Rf3 Qxf3 18. gxf3 Bxf3+ 19. Kg1 d3+ 20. Nd4 Bxd1 21. Rxd1 Rhe8 22. fxe6 dxe6 0-1

[Event "Canadian op 48th"]
[Site "Toronto"]
[Date "2011.07.11"]
[Round "3"]
[White "Loadman, Ian"]
[Black "Wang, Jesse"]
[Result "1/2-1/2"]
[WhiteElo "2218"]
[BlackElo "1998"]
[PlyCount "40"]
[EventDate "2011.07.09"]
[EventType "swiss"]
[EventRounds "9"]
[EventCountry "CAN"]
[SourceTitle "EXT 2022"]
[Source "ChessBase"]
[SourceDate "2021.10.06"]
[SourceVersion "1"]
[SourceVersionDate "2021.10.06"]
[SourceQuality "1"]

1. e4 c5 2. Nf3 d6 3. d4 cxd4 4. Nxd4 Nf6 5. Nc3 a6 6. Be2 e6 7. 0-0 Be7 8. Be3 0-0 9. f4 Qc7 10. Qe1 Nbd7 11. Qg3 Re8 12. Rad1 b5 13. e5 dxe5 14. fxe5 Qxe5 15. Bf4 Qc5 16. b4 Qb6 17. Be3 Qb8 18. Bf4 Qb6 19. Be3 Qb8 20. Bf4 Qb6 1/2-1/2

[Event "CAN-ch U18"]
[Site "Richmond Hill"]
[Date "2011.07.06"]
[Round "1"]
[White "Wang, Jesse"]
[Black "Martchenko, Alexander"]
[Result "0-1"]
[WhiteElo "1998"]
[BlackElo "2395"]
[PlyCount "96"]
[EventDate "2011.07.06"]
[EventType "swiss"]
[EventRounds "7"]
[EventCountry "CAN"]
[SourceTitle "EXT 2022"]
[Source "ChessBase"]
[SourceDate "2021.10.06"]
[SourceVersion "1"]
[SourceVersionDate "2021.10.06"]
[SourceQuality "1"]

1. e4 c5 2. Nf3 Nc6 3. Nc3 e6 4. d4 cxd4 5. Nxd4 d6 6. g3 Nf6 7. Bg2 Bd7 8. 0-0 Be7 9. h3 a6 10. Be3 0-0 11. g4 Rc8 12. f4 Nxd4 13. Bxd4 Bc6 14. Qe2 Nd7 15. Rad1 b5 16. a3 Qc7 17. Na2 Nc5 18. Nb4 Bb7 19. Nd3 Na4 20. c3 Nb6 21. Qf2 Nd7 22. Be3 Qc4 23. Nc1 e5 24. fxe5 Nxe5 25. Qg3 Qe6 26. Ne2 Qa2 27. Bc1 Nc4 28. Nd4 Bd8 29. b3 Bb6 30. bxc4 Qxc4 31. Bb2 Qb3 32. Qf2 Qc4 33. Kh1 Rce8 34. Rfe1 Qc8 35. Qd2 Qa8 36. Qf4 Bc7 37. Nf5 Re6 38. c4 f6 39. cxb5 Rfe8 40. Ng3 axb5 41. g5 fxg5 42. Qxg5 Rg6 43. Qe3 d5 44. Qb3 Bxg3 45. Re3 Bf4 46. Red3 Kh8 47. e5 d4 48. Bf3 Be3 0-1

[Event "Hamilton Winter op"]
[Site "Hamilton"]
[Date "2011.03.26"]
[Round "2"]
[White "Dougherty, Michael J"]
[Black "Wang, Jesse"]
[Result "1-0"]
[WhiteElo "2322"]
[BlackElo "2087"]
[PlyCount "85"]
[EventDate "2011.03.26"]
[EventType "swiss"]
[EventRounds "6"]
[EventCountry "CAN"]
[SourceTitle "EXT 2022"]
[Source "ChessBase"]
[SourceDate "2021.10.06"]
[SourceVersion "1"]
[SourceVersionDate "2021.10.06"]
[SourceQuality "1"]

1. d4 d5 2. c4 c6 3. Nf3 Nf6 4. e3 e6 5. Bd3 Nbd7 6. 0-0 Bd6 7. Nc3 0-0 8. e4 dxe4 9. Nxe4 Nxe4 10. Bxe4 Nf6 11. Bc2 h6 12. Qe2 c5 13. dxc5 Bxc5 14. Bf4 b6 15. Rad1 Qe7 16. Ne5 Bb7 17. Bg3 Rfd8 18. a3 Rxd1 19. Rxd1 Rd8 20. b4 Rxd1+ 21. Qxd1 Bd6 22. Ng6 fxg6 23. Qxd6 Qxd6 24. Bxd6 Kf7 25. f3 g5 26. b5 Nd7 27. Kf2 Kf6 28. g4 Ne5 29. c5 bxc5 30. Bxc5 Nxf3 31. Bd1 Nxh2 32. Be2 Nxg4+ 33. Bxg4 a6 34. a4 axb5 35. axb5 e5 36. Bd7 h5 37. Bd6 e4 38. Ke3 g4 39. Bc7 Ke7 40. Bf5 g5 41. Be5 Kd8 42. b6 Bc6 43. Bf6+ 1-0

[Event "Hamilton Summer op"]
[Site "Hamilton"]
[Date "2010.08.22"]
[Round "4"]
[White "Wang, Jesse"]
[Black "Bailey, Doug"]
[Result "0-1"]
[WhiteElo "2105"]
[BlackElo "2342"]
[PlyCount "56"]
[EventDate "2010.08.21"]
[EventType "swiss"]
[EventRounds "5"]
[EventCountry "CAN"]
[SourceTitle "EXT 2022"]
[Source "ChessBase"]
[SourceDate "2021.10.06"]
[SourceVersion "1"]
[SourceVersionDate "2021.10.06"]
[SourceQuality "1"]

1. e4 c5 2. Nc3 Nc6 3. f4 g6 4. Nf3 Bg7 5. Bb5 Nd4 6. 0-0 Nxb5 7. Nxb5 d5 8. exd5 a6 9. Nc3 Nf6 10. d4 cxd4 11. Qxd4 0-0 12. Ne5 Bf5 13. Qf2 Rc8 14. Be3 Ne4 15. Nxe4 Bxe4 16. Bb6 Qxd5 17. c4 Qe6 18. Rfe1 f5 19. b3 g5 20. Bd4 Rcd8 21. Bb2 Qh6 22. fxg5 Qxg5 23. Re3 Rf6 24. Nf3 Qh6 25. Nd2 Rxd2 26. Qxd2 Rd6 27. Bc3 Rxd2 28. Bxd2 Bd4 0-1

[Event "Hamilton Summer op"]
[Site "Hamilton"]
[Date "2010.08.21"]
[Round "3"]
[White "Preotu, Razvan"]
[Black "Wang, Jesse"]
[Result "0-1"]
[WhiteElo "1689"]
[BlackElo "2105"]
[PlyCount "44"]
[EventDate "2010.08.21"]
[EventType "swiss"]
[EventRounds "5"]
[EventCountry "CAN"]
[SourceTitle "EXT 2022"]
[Source "ChessBase"]
[SourceDate "2021.10.06"]
[SourceVersion "1"]
[SourceVersionDate "2021.10.06"]
[SourceQuality "1"]

1. e4 c5 2. Nc3 Nc6 3. Bb5 Nd4 4. Bc4 e6 5. Nge2 Nf6 6. 0-0 a6 7. a4 d5 8. exd5 exd5 9. Nxd5 Nxd5 10. Nxd4 cxd4 11. Qh5 Be6 12. Re1 Be7 13. Rxe6 Nf4 14. Qg4 Nxe6 15. Bxe6 fxe6 16. Qxg7 Bf6 17. Qxb7 Qd5 18. Qb6 Rg8 19. g3 Rg7 20. Qb4 a5 21. Qa3 Rc8 22. c3 Rgc7 0-1

[Event "Hamilton Summer op"]
[Site "Hamilton"]
[Date "2010.08.21"]
[Round "2"]
[White "Wang, Jesse"]
[Black "Deline, Ralph"]
[Result "1-0"]
[WhiteElo "2105"]
[BlackElo "1936"]
[PlyCount "39"]
[EventDate "2010.08.21"]
[EventType "swiss"]
[EventRounds "5"]
[EventCountry "CAN"]
[SourceTitle "EXT 2022"]
[Source "ChessBase"]
[SourceDate "2021.10.06"]
[SourceVersion "1"]
[SourceVersionDate "2021.10.06"]
[SourceQuality "1"]

1. e4 c5 2. Nc3 Nc6 3. f4 d6 4. Nf3 e6 5. Be2 d5 6. d3 Be7 7. 0-0 d4 8. Nb1 Nf6 9. Nbd2 b5 10. Ne5 Bb7 11. Ndf3 h6 12. Qe1 Nd7 13. Qg3 Bf6 14. Nxc6 Bxc6 15. e5 Be7 16. Qxg7 Rf8 17. f5 exf5 18. e6 fxe6 19. Nxd4 Nf6 20. Nxc6 1-0

[Event "Kitchener"]
[Site "Kitchener"]
[Date "2010.08.02"]
[Round "6"]
[White "Wang, Jesse"]
[Black "Drkulec, Vladimir"]
[Result "1/2-1/2"]
[WhiteElo "2113"]
[BlackElo "2121"]
[PlyCount "89"]
[EventDate "2010.07.30"]
[EventType "swiss"]
[EventRounds "7"]
[EventCountry "CAN"]
[SourceTitle "EXT 2022"]
[Source "ChessBase"]
[SourceDate "2021.10.06"]
[SourceVersion "1"]
[SourceVersionDate "2021.10.06"]
[SourceQuality "1"]

1. e4 e5 2. Nf3 Nc6 3. Bb5 a6 4. Ba4 Nf6 5. 0-0 b5 6. Bb3 Be7 7. Re1 0-0 8. d4 d6 9. c3 Bg4 10. Be3 exd4 11. cxd4 Na5 12. Bc2 Nc4 13. h3 Nxb2 14. Qe2 Bxf3 15. Qxf3 Nc4 16. Bf4 Nd7 17. Nc3 Bf6 18. Rad1 Re8 19. a4 c6 20. Bb3 Ndb6 21. e5 Be7 22. axb5 cxb5 23. Nd5 Bf8 24. exd6 Rxe1+ 25. Rxe1 Nxd5 26. Qxd5 Bxd6 27. Bxc4 Bxf4 28. Qxf7+ Kh8 29. Bd5 Qf8 30. Qb7 Rd8 31. g3 Bg5 32. Bc6 Qb4 33. Rd1 Qb3 34. Bf3 Bf6 35. Kg2 Bxd4 36. Qxa6 Qb2 37. Rf1 g6 38. Qc6 b4 39. Qc1 Qa2 40. Qg5 Rb8 41. Qf4 Qa7 42. Rd1 Rd8 43. Bd5 Bc3 44. Bb3 Qa8+ 45. Qf3 1/2-1/2

[Event "Kitchener"]
[Site "Kitchener"]
[Date "2010.08.01"]
[Round "4"]
[White "Wang, Jesse"]
[Black "Humphreys, Michael"]
[Result "1/2-1/2"]
[WhiteElo "2113"]
[BlackElo "2208"]
[PlyCount "69"]
[EventDate "2010.07.30"]
[EventType "swiss"]
[EventRounds "7"]
[EventCountry "CAN"]
[SourceTitle "EXT 2022"]
[Source "ChessBase"]
[SourceDate "2021.10.06"]
[SourceVersion "1"]
[SourceVersionDate "2021.10.06"]
[SourceQuality "1"]

1. e4 c5 2. Nc3 g6 3. g3 Bg7 4. Bg2 Nc6 5. d3 d6 6. Be3 e5 7. Qd2 Nge7 8. Nge2 Nd4 9. Nd1 Bg4 10. Nxd4 cxd4 11. Bh6 Bxh6 12. Qxh6 Qa5+ 13. Qd2 Qxd2+ 14. Kxd2 Be6 15. h4 h5 16. Bh3 Bxh3 17. Rxh3 f6 18. f3 Kf7 19. c4 g5 20. Nf2 Rh7 21. Rc1 b6 22. b4 Ng6 23. hxg5 fxg5 24. c5 dxc5 25. bxc5 Rc8 26. cxb6 Rxc1 27. Kxc1 axb6 28. Rh2 h4 29. Ng4 Ke6 30. gxh4 gxh4 31. Rb2 Rc7+ 32. Kd2 Rc6 33. Rb5 Kd6 34. Rd5+ Ke6 35. Rb5 1/2-1/2

[Event "Kitchener"]
[Site "Kitchener"]
[Date "2010.07.31"]
[Round "2"]
[White "Wang, Jesse"]
[Black "Kho, Jingle A"]
[Result "1-0"]
[WhiteElo "2113"]
[BlackElo "2111"]
[PlyCount "37"]
[EventDate "2010.07.30"]
[EventType "swiss"]
[EventRounds "7"]
[EventCountry "CAN"]
[SourceTitle "EXT 2022"]
[Source "ChessBase"]
[SourceDate "2021.10.06"]
[SourceVersion "1"]
[SourceVersionDate "2021.10.06"]
[SourceQuality "1"]

1. e4 e6 2. d4 d5 3. Nc3 dxe4 4. Nxe4 Bd7 5. Nf3 Bc6 6. Bd3 Nd7 7. 0-0 Ngf6 8. Nxf6+ gxf6 9. Re1 Bg7 10. c3 0-0 11. Be4 Bxe4 12. Rxe4 Kh8 13. Rh4 c5 14. Qd3 f5 15. Ng5 h6 16. Qh3 Kg8 17. Rxh6 Bxh6 18. Qxh6 Nf6 19. Bf4 1-0

[Event "CAN-ch U16"]
[Site "Windsor"]
[Date "2010.07.09"]
[Round "7"]
[White "Wang, Jesse"]
[Black "Zhang, Jason"]
[Result "1-0"]
[WhiteElo "2072"]
[BlackElo "1006"]
[PlyCount "75"]
[EventDate "2010.07.06"]
[EventType "swiss"]
[EventRounds "7"]
[EventCountry "CAN"]
[SourceTitle "EXT 2012"]
[Source "ChessBase"]
[SourceDate "2011.11.24"]
[SourceVersion "1"]
[SourceVersionDate "2011.11.24"]
[SourceQuality "1"]

1. e4 e5 2. Nf3 Nc6 3. Bb5 Nf6 4. 0-0 d6 5. d4 exd4 6. Nxd4 Bd7 7. Nxc6 Bxc6 8. Bxc6+ bxc6 9. Nc3 Be7 10. Qd3 0-0 11. Qg3 Re8 12. Rd1 Kh8 13. b3 Nd7 14. Bb2 Bf6 15. Rac1 Bxc3 16. Bxc3 f6 17. f3 Qe7 18. Bb2 Qf7 19. c4 Rad8 20. Rd2 Ne5 21. Rcd1 Re6 22. Qf2 a6 23. Qa7 Ree8 24. Bxe5 Ra8 25. Qb7 fxe5 26. Rxd6 Reb8 27. Qxb8+ Rxb8 28. Rd8+ Rxd8 29. Rxd8+ Qg8 30. Rxg8+ Kxg8 31. Kf2 Kf7 32. Ke3 g5 33. g3 Ke6 34. f4 g4 35. c5 h6 36. f5+ Kf6 37. Kd3 a5 38. Kc3 1-0

[Event "CAN-ch U16"]
[Site "Windsor"]
[Date "2010.07.08"]
[Round "5"]
[White "Wang, Jesse"]
[Black "Nadeau, Emmanuel"]
[Result "1-0"]
[WhiteElo "2072"]
[BlackElo "1770"]
[PlyCount "91"]
[EventDate "2010.07.06"]
[EventType "swiss"]
[EventRounds "7"]
[EventCountry "CAN"]
[SourceTitle "EXT 2012"]
[Source "ChessBase"]
[SourceDate "2011.11.24"]
[SourceVersion "1"]
[SourceVersionDate "2011.11.24"]
[SourceQuality "1"]

1. e4 c5 2. Nc3 e6 3. g3 d5 4. exd5 exd5 5. Bg2 Nf6 6. d3 h6 7. Nge2 Be7 8. 0-0 Nc6 9. Nf4 Be6 10. Re1 Qd7 11. Nxe6 fxe6 12. Bh3 Nd8 13. Qe2 0-0 14. Bxe6+ Nxe6 15. Qxe6+ Qxe6 16. Rxe6 Kf7 17. Re2 a6 18. Bf4 Rad8 19. Rae1 Rd7 20. Be5 Rc8 21. d4 Ng4 22. Bxg7 Kxg7 23. Rxe7+ Rxe7 24. Rxe7+ Kf8 25. Re2 cxd4 26. Nxd5 Rc5 27. Nf4 Ra5 28. a3 Kf7 29. h3 Nf6 30. Nd3 Rh5 31. Kg2 Rd5 32. f4 b5 33. Kf3 Rd8 34. g4 Nd5 35. Ne5+ Kf6 36. Rd2 Ne3 37. Nc6 Nc4 38. Nxd8 Nxd2+ 39. Ke2 Nc4 40. b3 Nxa3 41. Kd3 Kg6 42. Nc6 Kf6 43. Nxd4 Kg6 44. h4 Kf6 45. h5 Nb1 46. Nf5 1-0

[Event "CAN-ch U16"]
[Site "Windsor"]
[Date "2010.07.07"]
[Round "3"]
[White "Wang, Jesse"]
[Black "Sapozhnikov, Roman"]
[Result "0-1"]
[WhiteElo "2072"]
[BlackElo "2418"]
[PlyCount "90"]
[EventDate "2010.07.06"]
[EventType "swiss"]
[EventRounds "7"]
[EventCountry "CAN"]
[SourceTitle "EXT 2012"]
[Source "ChessBase"]
[SourceDate "2011.11.24"]
[SourceVersion "1"]
[SourceVersionDate "2011.11.24"]
[SourceQuality "1"]

1. e4 d6 2. Nf3 Nf6 3. c3 c6 4. Bd3 d5 5. e5 Ne4 6. Qe2 Nc5 7. Bc2 Bg4 8. d4 Ncd7 9. h3 Bxf3 10. Qxf3 e6 11. Qg3 c5 12. dxc5 Nxc5 13. 0-0 Nc6 14. Be3 Qc7 15. f4 g6 16. Nd2 Ne7 17. Nb3 Nf5 18. Bxf5 gxf5 19. Nxc5 Bxc5 20. Bxc5 Qxc5+ 21. Qf2 Rc8 22. Rad1 Qxf2+ 23. Rxf2 Rg8 24. Rf3 Ke7 25. Rd4 b5 26. Rb4 Rc5 27. a4 Rb8 28. axb5 Rcxb5 29. Rxb5 Rxb5 30. b4 a5 31. bxa5 Rxa5 32. Rg3 Ra4 33. Rf3 Kd7 34. Kf2 Ra2+ 35. Kg3 Rc2 36. Rf2 Rxc3+ 37. Kh4 Ke7 38. g4 f6 39. gxf5 fxe5 40. fxe5 exf5 41. Rxf5 Ke6 42. Rh5 d4 43. Rxh7 d3 44. Rh8 Rc4+ 45. Kg5 Rd4 0-1

[Event "CAN-ch U16"]
[Site "Windsor"]
[Date "2010.07.06"]
[Round "2"]
[White "Li, Ruokai David"]
[Black "Wang, Jesse"]
[Result "0-1"]
[WhiteElo "1932"]
[BlackElo "2072"]
[PlyCount "92"]
[EventDate "2010.07.06"]
[EventType "swiss"]
[EventRounds "7"]
[EventCountry "CAN"]
[SourceTitle "EXT 2012"]
[Source "ChessBase"]
[SourceDate "2011.11.24"]
[SourceVersion "1"]
[SourceVersionDate "2011.11.24"]
[SourceQuality "1"]

1. e4 c5 2. Nf3 d6 3. d4 cxd4 4. Nxd4 Nf6 5. Nc3 a6 6. Bg5 e6 7. f4 Nbd7 8. Qf3 Qc7 9. 0-0-0 b5 10. g4 Bb7 11. Bxf6 Nxf6 12. g5 b4 13. gxf6 bxc3 14. bxc3 gxf6 15. f5 e5 16. Nb3 Qc6 17. Bd3 Rc8 18. c4 Qa4 19. Kb2 a5 20. Qe2 Ba6 21. c5 Bxd3 22. Qxd3 dxc5 23. Qa6 Qc6 24. Qxc6+ Rxc6 25. Nxa5 Rb6+ 26. Ka1 Rg8 27. Rhg1 Rxg1 28. Rxg1 Rb4 29. Re1 Bh6 30. Nb3 c4 31. c3 Rb5 32. Kb2 cxb3 33. axb3 Kd7 34. Re2 Kc6 35. Rg2 Rb8 36. Rg4 Bg5 37. h4 h5 38. Rg2 Bxh4 39. Rh2 Bg5 40. Rxh5 Rd8 41. Rh2 Rd1 42. Re2 Rc1 43. b4 Kb6 44. Rg2 Re1 45. Rg4 Kb5 46. Kb3 Re3 0-1

[Event "Ontario-ch op 64th"]
[Site "Toronto"]
[Date "2010.05.24"]
[Round "6"]
[White "Orlova, Yelizaveta"]
[Black "Wang, Jesse"]
[Result "0-1"]
[WhiteElo "1907"]
[BlackElo "1997"]
[PlyCount "120"]
[EventDate "2010.05.22"]
[EventType "swiss"]
[EventRounds "6"]
[EventCountry "CAN"]
[SourceTitle "CBM 136 Extra"]
[Source "ChessBase"]
[SourceDate "2010.07.02"]
[SourceVersion "2"]
[SourceVersionDate "2010.07.15"]
[SourceQuality "1"]

1. d4 d5 2. Nf3 Nf6 3. g3 g6 4. Bg2 Bg7 5. 0-0 0-0 6. Nbd2 Nbd7 7. b3 c5 8. e3 cxd4 9. exd4 Nb6 10. Bb2 Bf5 11. Ne5 Rc8 12. c4 Nfd7 13. cxd5 Nxe5 14. dxe5 Nxd5 15. Nc4 Be6 16. Qd4 b5 17. Ne3 Nxe3 18. Qxe3 Qa5 19. Bd4 Rc2 20. a3 Qd2 21. Be4 Qxe3 22. fxe3 Rc7 23. Rfb1 f6 24. exf6 Bxf6 25. a4 Bxd4 26. exd4 Rd8 27. axb5 Rxd4 28. Bc6 Rb4 29. Ra3 Bd7 30. Ra4 Rxa4 31. bxa4 Bxc6 32. Rc1 Kf7 33. bxc6 Ke6 34. Rc4 Kd5 35. Rh4 h5 36. g4 hxg4 37. Rxg4 Rxc6 38. Kg2 e5 39. Kf3 a5 40. h3 Rc3+ 41. Kg2 Rc4 42. Rxg6 Rxa4 43. Kg3 Ra3+ 44. Kg4 Ra1 45. Ra6 a4 46. Kf5 a3 47. Ra5+ Kd4 48. Rxe5 a2 49. Ra5 Rf1+ 50. Kg6 a1Q 51. Rxa1 Rxa1 52. h4 Rg1+ 53. Kf5 Rf1+ 54. Kg6 Ke5 55. h5 Rg1+ 56. Kf7 Rh1 57. Kg6 Ke6 58. h6 Rg1+ 59. Kh7 Kf6 60. Kh8 Kg6 0-1

[Event "Ontario-ch op 64th"]
[Site "Toronto"]
[Date "2010.05.22"]
[Round "1"]
[White "Plotkin, Victor"]
[Black "Wang, Jesse"]
[Result "1/2-1/2"]
[WhiteElo "2237"]
[BlackElo "1997"]
[PlyCount "88"]
[EventDate "2010.05.22"]
[EventType "swiss"]
[EventRounds "6"]
[EventCountry "CAN"]
[SourceTitle "CBM 136 Extra"]
[Source "ChessBase"]
[SourceDate "2010.07.02"]
[SourceVersion "2"]
[SourceVersionDate "2010.07.15"]
[SourceQuality "1"]

1. e4 c5 2. c3 d5 3. exd5 Qxd5 4. d4 Nf6 5. Nf3 e6 6. Be2 Nc6 7. 0-0 Be7 8. Be3 cxd4 9. cxd4 0-0 10. Nc3 Qd8 11. Ne5 Nb4 12. Qb3 Nbd5 13. Bf3 Bd6 14. Bg5 Nxc3 15. bxc3 h6 16. Bh4 Qc7 17. Bg3 Nd7 18. Nd3 Bxg3 19. hxg3 Rb8 20. Rfc1 b6 21. Qa3 a6 22. Qe7 Qd8 23. Qxd8 Rxd8 24. Nb4 Re8 25. a4 Bb7 26. Nc6 Bxc6 27. Bxc6 Red8 28. Rab1 Nf6 29. Rb3 Rd6 30. Bf3 Rc8 31. Rcb1 Nd5 32. Bxd5 Rxd5 33. Ra3 b5 34. axb5 axb5 35. f4 f6 36. Kf2 e5 37. Ke3 exd4+ 38. cxd4 Rc4 39. Rd1 f5 40. Ra8+ Kf7 41. Ra7+ Kf6 42. Ra6+ Kf7 43. Rb6 Rc7 44. Rd3 Re7+ 1/2-1/2

[Event "CAN-ch U18"]
[Site "Toronto"]
[Date "2010.05.03"]
[Round "6"]
[White "Martchenko, Alexander"]
[Black "Wang, Jesse"]
[Result "1-0"]
[WhiteElo "2138"]
[BlackElo "1722"]
[PlyCount "59"]
[EventDate "2010.04.30"]
[EventType "swiss"]
[EventRounds "9"]
[EventCountry "CAN"]
[SourceTitle "CBM 136 Extra"]
[Source "ChessBase"]
[SourceDate "2010.07.02"]
[SourceVersion "2"]
[SourceVersionDate "2010.07.15"]
[SourceQuality "1"]

1. e4 c5 2. Nf3 d6 3. d4 cxd4 4. Nxd4 Nf6 5. Nc3 a6 6. Bg5 e6 7. f4 Nbd7 8. Qe2 Qc7 9. 0-0-0 b5 10. a3 Bb7 11. g4 Rc8 12. Bg2 Qa5 13. Nb3 Qc7 14. Bh4 Nb6 15. g5 Nfd7 16. f5 e5 17. Be1 Nc5 18. Kb1 Nba4 19. Nxa4 bxa4 20. Na5 Ba8 21. Bb4 Rb8 22. h4 Rb5 23. Nc4 Bc6 24. Qe1 h6 25. g6 f6 26. Na5 Ba8 27. Qc3 Kd8 28. Rhe1 Nb7 29. Nxb7+ Rxb7 30. Ba5 1-0

[Event "CAN-ch U18"]
[Site "Toronto"]
[Date "2010.05.02"]
[Round "5"]
[White "Gusev, Nikita"]
[Black "Wang, Jesse"]
[Result "1/2-1/2"]
[WhiteElo "2079"]
[BlackElo "1722"]
[PlyCount "38"]
[EventDate "2010.04.30"]
[EventType "swiss"]
[EventRounds "9"]
[EventCountry "CAN"]
[SourceTitle "CBM 136 Extra"]
[Source "ChessBase"]
[SourceDate "2010.07.02"]
[SourceVersion "2"]
[SourceVersionDate "2010.07.15"]
[SourceQuality "1"]

1. e4 c5 2. Nf3 d6 3. d4 cxd4 4. Nxd4 Nf6 5. Nc3 a6 6. Be2 e6 7. 0-0 Be7 8. Be3 Nc6 9. f4 Bd7 10. a4 Rc8 11. Kh1 h5 12. Bf3 Qc7 13. Qe2 Na5 14. Rad1 Nc4 15. Bc1 Qa5 16. Nb3 Qc7 17. Rfe1 e5 18. fxe5 Nxe5 19. Nd4 Qc4 1/2-1/2

[Event "Hart House Holiday op"]
[Site "Toronto"]
[Date "2009.12.20"]
[Round "5"]
[White "Dougherty, Michael J"]
[Black "Wang, Jesse"]
[Result "1-0"]
[WhiteElo "2303"]
[BlackElo "2095"]
[PlyCount "57"]
[EventDate "2009.12.18"]
[EventType "swiss"]
[EventRounds "5"]
[EventCountry "CAN"]
[SourceTitle "EXT 2011"]
[Source "ChessBase"]
[SourceDate "2010.11.26"]
[SourceVersion "1"]
[SourceVersionDate "2010.11.26"]
[SourceQuality "1"]

1. e4 c5 2. Nf3 d6 3. Nc3 Nf6 4. Bc4 e6 5. e5 dxe5 6. Nxe5 Bd6 7. Qe2 0-0 8. f4 a6 9. a4 Qc7 10. 0-0 Nc6 11. Nxc6 Qxc6 12. d3 b6 13. Ne4 Nxe4 14. dxe4 Bb7 15. e5 Be7 16. Ra3 Rfd8 17. f5 Rd4 18. Rg3 Qe4 19. Qxe4 Bxe4 20. Bh6 Bf8 21. fxe6 Rxc4 22. exf7+ Kh8 23. e6 Bg6 24. Bg5 Bxf7 25. Rxf7 g6 26. Rgf3 Kg8 27. e7 Bg7 28. Rxg7+ Kxg7 29. Rf8 1-0

[Event "Hart House Holiday op"]
[Site "Toronto"]
[Date "2009.12.18"]
[Round "1"]
[White "Noritsyn, Nikolay"]
[Black "Wang, Jesse"]
[Result "1-0"]
[WhiteElo "2532"]
[BlackElo "2095"]
[PlyCount "39"]
[EventDate "2009.12.18"]
[EventType "swiss"]
[EventRounds "5"]
[EventCountry "CAN"]
[SourceTitle "EXT 2011"]
[Source "ChessBase"]
[SourceDate "2010.11.26"]
[SourceVersion "1"]
[SourceVersionDate "2010.11.26"]
[SourceQuality "1"]

1. e4 d5 2. exd5 Qxd5 3. Nc3 Qd6 4. d4 c6 5. Ne4 Qc7 6. Bc4 Bf5 7. Ng5 e6 8. g4 Bg6 9. Qe2 h6 10. N5h3 Nf6 11. Nf4 Bh7 12. h4 Bd6 13. Ngh3 Be4 14. Rg1 Bd5 15. Bd3 b5 16. g5 hxg5 17. hxg5 Nfd7 18. g6 Rh4 19. gxf7+ Kxf7 20. Ng5+ 1-0